[Event "Mumbai Wealth op U13"]
[Site "Mumbai"]
[Date "2016.02.03"]
[Round "7"]
[White "Karra, Abhinav"]
[Black "Kadakia, Veer"]
[Result "0-1"]
[WhiteElo "1182"]
[BlackElo "1368"]
[PlyCount "70"]
[EventDate "2016.01.28"]
[EventType "swiss"]
[EventRounds "9"]
[EventCountry "IND"]
[SourceTitle "CBM 170 Extra"]
[Source "ChessBase"]
[SourceDate "2016.02.25"]
[SourceVersion "1"]
[SourceVersionDate "2016.02.25"]
[SourceQuality "1"]

1. d4 d5 2. c4 e6 3. Nc3 c5 4. Nf3 Nc6 5. e3 Nf6 6. cxd5 exd5 7. dxc5 Bxc5 8. a3 Bg4 9. Be2 0-0 10. 0-0 Re8 11. Bd2 Rc8 12. Rc1 Bb6 13. Re1 a6 14. b4 Ne7 15. Na2 Nf5 16. Rxc8 Qxc8 17. Qc1 Qb8 18. Qd1 Bc7 19. h3 Bxf3 20. Bxf3 Ne4 21. Bxe4 dxe4 22. Bc1 Re6 23. Nc3 Nh4 24. Kh1 Rg6 25. g3 Qc8 26. g4 Nf3 27. Nxe4 Nxe1 28. Qxe1 f5 29. Ng3 fxg4 30. hxg4 Qxg4 31. Qd2 Qh3+ 32. Kg1 h5 33. Qd5+ Kh8 34. Qg2 Qxg2+ 35. Kxg2 h4 0-1